Smart policing for law-enforcement officials (Record no. 496617)

MARC details
000 -LEADER
fixed length control field 00288nam a2200097Ia 4500
082 ## - DEWEY DECIMAL CLASSIFICATION NUMBER
Classification number 363.2 SMAR
008 - FIXED-LENGTH DATA ELEMENTS--GENERAL INFORMATION
fixed length control field 210825s9999 xx 000 0 und d
100 ## - MAIN ENTRY--PERSONAL NAME
Personal name Smit, J. ** Claremont [Cape Town], 2R4 ** *
9 (RLIN) 108543
245 #0 - TITLE STATEMENT
Title Smart policing for law-enforcement officials
942 ## - ADDED ENTRY ELEMENTS
item type Books

No items available.